Goya : revista de arte /

Publicación bimestral dedicada al estudio histórico del arte, en especial de la pintura, sin límites determinados de tiempo o geográficos. Incluye también artículos críticos acerca del arte contemporáneo.

Guardat en:
Dades bibliogràfiques
Autor principal: Gagini, Antonello (autor)
Altres autors: Camón Aznar, José (dirección) (dirección)
Format: Llibre
Idioma:espanyol
Publicat: Madrid, España : Fundación Lázaro Galdiano, 1961, c1961
Matèries:
Etiquetes: Afegir etiqueta
Sense etiquetes, Sigues el primer a etiquetar aquest registre!

MARC

LEADER 00000nam^a2200000^a^4500
001 000114789
005 20250521000000.0
009 20260310094031.886
037 |a Acervo ITESO - Biblioteca 
041 |a ESP 
082 |a 700. 5  |b GOY V. 42 
100 |a Gagini, Antonello  |e (autor) 
240 1 1 |a [Goya] 
245 1 0 |a Goya :  |b revista de arte /  |c Dir. de J. Camón Aznar. 
264 4 |a Madrid, España :  |b Fundación Lázaro Galdiano,  |c 1961, c1961 
300 |a p. 381-448 
336 |a texto  |b txt  |2 rdacontenido 
337 |a sin mediación  |b n  |2 rdamedio 
338 |a volumen  |b nc  |2 rdasoporte 
520 |a Publicación bimestral dedicada al estudio histórico del arte, en especial de la pintura, sin límites determinados de tiempo o geográficos. Incluye también artículos críticos acerca del arte contemporáneo. 
649 |a XX 
650 |a Arte -  |x Publicaciones Periódicas Españolas 
650 |a Conventos y Monasterios -  |z España 
650 |a Pintura Renacentista 
650 |a Pintura Italiana 
650 |a Arte Renacentista 
650 |a Escultura Italiana 
650 |a Arte Italiano 
650 |a Ensayos Franceses 
650 |a Literatura Francesa 
650 |a Pintura Francesa 
650 |a Arte Francés 
650 |a Baudelaire, Charles 
650 |a Guys, Constantin 
650 |a Escultura Española -  |y Siglo XVIII 
650 |a Pintura Española -  |y Siglo XX 
650 |a Arte Español 
650 |a Ginés, José 
650 |a Lozano, Francisco 
600 |a Miguel Angel 
700 |a Camón Aznar, José  |e (dirección) 
910 |a Fondo Salvador Reynoso Reynoso 
920 |a Impresos - Libros 
930 |a Fondos Especiales 
905 |a 112 
901 |a 0800003679  |b IT2  |c ESP  |u 20250521 
902 |a https://opac.biblio.iteso.mx/vufind/Record/000114789